书目信息 |
| 题名: |
信息与编码理论
|
|
| 作者: | 张长森 , 郭辉 主编 | |
| 分册: | ||
| 出版信息: | 北京 机械工业出版社 2019.07 |
|
| 页数: | 193页 | |
| 开本: | 26cm | |
| 丛书名: | ||
| 单 册: | ||
| 中图分类: | TN911.2 , TN911.21 | |
| 科图分类: | ||
| 主题词: | 信息论--xin xi lun--高等教育--教材 , 信源编码--xin yuan bian ma--通信理论--高等教育--教材 | |
| 电子资源: | ||
| ISBN: | 978-7-111-62845-3 | |
| 000 | 01087nam0 2200301 450 | |
| 001 | CAL 0120192828766 | |
| 005 | 20190823151854.5 | |
| 010 | @a978-7-111-62845-3@dCNY39.80 | |
| 100 | @a20190822d2019 em y0chiy50 ea | |
| 101 | 0 | @achi |
| 102 | @aCN@b110000 | |
| 105 | @aak a 000yy | |
| 106 | @ar | |
| 200 | 1 | @a信息与编码理论@Axin xi yu bian ma li lun@f张长森, 郭辉主编@Fzhang chang sen , guo hui zhu bian |
| 210 | @a北京@c机械工业出版社@d2019.07 | |
| 215 | @a193页@c图@d26cm | |
| 320 | @a有书目 (第193页) | |
| 330 | @a本书重点介绍信息论的基本知识, 以及常用信源编码和信道编码技术的原理与实现方法。全书共分为六章, 主要内容包括绪论、信息论基础、信源编码、线性分组码、BCH和RS码、卷积码等。 | |
| 333 | @a“十三五”普通高等教育规划教材 | |
| 586 | @a | |
| 606 | 0 | @a信息论@Axin xi lun@x高等教育@j教材 |
| 606 | 0 | @a信源编码@Axin yuan bian ma@x通信理论@x高等教育@j教材 |
| 690 | @aTN911.2@v5 | |
| 690 | @aTN911.21@v5 | |
| 701 | 0 | @a张长森@Azhang chang sen@4主编 |
| 701 | 0 | @a郭辉@Aguo hui@4主编 |
| 801 | 0 | @aCN@c20190822 |
| 905 | @a河南城建学院图书馆@dTN911.2@eZ086@f2 | |
| 信息与编码理论/张长森, 郭辉主编.-北京:机械工业出版社,2019.07 |
| 193页:图;26cm |
| 使用对象:“十三五”普通高等教育规划教材 |
| ISBN 978-7-111-62845-3:CNY39.80 |
| 本书重点介绍信息论的基本知识, 以及常用信源编码和信道编码技术的原理与实现方法。全书共分为六章, 主要内容包括绪论、信息论基础、信源编码、线性分组码、BCH和RS码、卷积码等。 |
| ● |
| 相关链接 |
|
|
|
正题名:信息与编码理论
索取号:TN911.2/Z086
 
预约/预借
| 序号 | 登录号 | 条形码 | 馆藏地/架位号 | 状态 | 备注 |
| 1 | 1416252 | 214162528 | 自科库301/301自科库 34排2列2层/ [索取号:TN911.2/Z086] | 在馆 | |
| 2 | 1416253 | 214162537 | 自科库301/301自科库 34排2列2层/ [索取号:TN911.2/Z086] | 在馆 |